000 00966nam a2200241 a 4500
001 41880
003 BD-RjUL
005 20211209053450.0
008 160607s1959 bg ||||| |||| 00| 0 ben d
020 _cTK. 5.00
035 _a(BD-RjUL)41998
040 _aBD-RjUL
_bben
_cBD-RjUL
_dBD-RjUL
041 _aben
082 _223
_a891.44109
_bISB 1959
100 1 0 _aইসলাম,আমিনুল এ. কে. এম
_9128692
245 1 0 _aবাংলা সাহিত্য মুসলিম কবি ও কাব্য /
_cএ. কে. এম.আমিনুল ইসলাম
260 _aঢাকা :
_bবুক ষ্টল ;
_c১৯৫৯
300 _a[৮], ২০০পৃ. ;
_c২২সেমি.
500 _aনির্ঘণ্ট সংযুক্ত
650 _aবাংলা কবিতা
_xইতিহাস ও সমালোচনা
_9128693
650 _aBengali Poetry
_9128694
_xHistory and Criticism
942 _2ddc
_cBK
999 _c41880
_d41880